Sportifs les plus connus par pays - Statistiques

Statistiques générales
  • Ce quiz a été pris 1 463 fois
  • Le résultat moyen est 5 sur 10
Statistiques - réponses
Pays Sportif le plus connu % Correct
Argentine Lionel Messi
96%
Serbie Novak Djokovic
85%
Egypte Mohamed Salah
81%
Suisse Roger Federer
81%
France Zinédine Zidane
74%
Royaume-Uni David Beckham
20%
États-Unis Mohamed Ali
15%
Chine Yao Ming
11%
Australie Ian Thorpe
3%
Mozambique Eusébio
2%
Aucun quiz correspondant
Distribution des résultats
% des personnes avec chaque résultat
Percentile par nombre de réponses
Votre historique - résultats
Vous n’avez pas pris ce quiz